Top 10 Burnley PL scorers - Statistics

General Stats
  • This quiz has been taken 35 times
  • The average score is 4 of 10
Answer Stats
Hint Answer % Correct
11 Barnes
91%
6 Vokes
66%
9 Gray
53%
11 Ings
53%
8 Fletcher
31%
7 Boyd
28%
7 Alexander
22%
6 Nugent
13%
4 Paterson
13%
4 Thompson
9%
No matching quizzes found
Score Distribution
Percent of People with Each Score
Percentile by Number Answered
Your Score History
You have not taken this quiz